El Poema del Cid / (Record no. 122040)
[ view plain ]
| 000 -LEADER | |
|---|---|
| campo de control de longitud fija | 00705nam a2200217 i 4500 |
| 001 - NÚMERO DE CONTROL | |
| campo de control | 122040 |
| 003 - IDENTIFICADOR DE NÚMERO DE CONTROL | |
| campo de control | ES-MaACL |
| 005 - FECHA Y HORA DE LA ÚLTIMA TRANSACCIÓN | |
| campo de control | 20230906191908.0 |
| 007 - CAMPO FIJO DE DESCRIPCIÓN FÍSICA--INFORMACIÓN GENERAL | |
| campo de control de longitud fija | t| |
| 008 - DATOS DE LONGITUD FIJA--INFORMACIÓN GENERAL | |
| campo de control de longitud fija | 070214s1960 sp a |||| | spa d |
| 130 0# - ENTRADA PRINCIPAL--TÍTULO UNIFORME | |
| Título uniforme | Poema del Cid. |
| 9 (RLIN) | 123904 |
| 245 13 - MENCIÓN DEL TÍTULO | |
| Título | El Poema del Cid / |
| Mención de responsabilidad, etc. | selección, estudio y notas por Jimena Menéndez Pidal. |
| 250 ## - MENCION DE EDICION | |
| Mención de edición | 3ª ed. il. |
| 260 ## - PUBLICACIÓN, DISTRIBUCIÓN, ETC. | |
| Lugar de publicación, distribución, etc. | Zaragoza [etc.] : |
| Nombre del editor, distribuidor, etc. | Ebro, |
| Fecha de publicación, distribución, etc. | 1960. |
| 300 ## - DESCRIPCIÓN FÍSICA | |
| Extensión | 142 p. : |
| Otras características físicas | il. ; |
| Dimensiones | 18 cm. |
| 490 1# - MENCIÓN DE SERIE | |
| Mención de serie | Biblioteca clásica Ebro ; |
| Designación de volumen o secuencia | 26. |
| Mención de serie | Serie verso ; |
| Designación de volumen o secuencia | 10 |
| 700 1# - ENTRADA AGREGADA--NOMBRE PERSONAL | |
| Nombre de persona | Menéndez Pidal, Jimena. |
| 9 (RLIN) | 80313 |
| 830 0# - PUNTO DE ACCESO ADICIONAL DE SERIE-TÍTULO UNIFORME | |
| Título uniforme | Biblioteca clásica Ebro ; |
| Designación de volumen o secuencia | 26. |
| Título uniforme | Serie verso ; |
| Designación de volumen o secuencia | 10 |
| 9 (RLIN) | 218812 |
| 852 ## - LOCALIZACIÓN | |
| Ubicación | ES-MaACL |
| Número de control de estantería | G-13701 |
| Estatus retirado | Estado de pérdida | Estado de daño | No para préstamo | Biblioteca de origen | Biblioteca actual | Ubicación en estantería | Fecha de adquisición | Fuente de adquisición | Total de préstamos | Signatura topográfica completa | Código de barras | Visto por última vez | Precio de reemplazo | Tipo de ítem Koha |
|---|---|---|---|---|---|---|---|---|---|---|---|---|---|---|
| Biblioteca del Ateneo de Madrid | Biblioteca del Ateneo de Madrid | Sala Pecera Planta 3 | 17/01/2008 | G-13701 | 1127179 | 23/02/2023 | 23/02/2023 | Libro impreso |
